000 00474nam a22002057a 4500
999 _c291259
_d291259
003 OSt
020 _a9789384649364
082 _a620.5
_bMUT/BI
100 _aMuthuchelian,K
245 _aBionanosciences
260 _aNew Delhi
_bWrite & print publications
_c2015
300 _a371p.
546 _aEnglish
650 _ananoparticles
650 _abiosynthesis
650 _adrug delivery
650 _ananomedicine
650 _ananoparticles
942 _2ddc
_cBK